000 00292nam a22001337a 4500
008 170930b xxu||||| |||| 00| 0 eng d
020 _a99990
041 _aeng
080 _a37
100 _a47
101 _aEDU
245 _aSTUDY SKILLS FOR LEARNING POWER
_cHELLYER, R
942 _2udc
_cBK
999 _c30981
_d30981